Statistics for Names of Fandoms

Click here to take the quiz!

General Stats

  • This quiz has been taken 1,951 times
    (1,929 since last reset)
  • The average score is 8 of 20

Answer Stats

Fandom of Name of Group % Correct
Harry PotterPotterheads
75%
Justin BieberBeliebers
75%
One DirectionDirectioners
75%
Doctor WhoWhovians
73%
Star TrekTrekkies
63%
Taylor SwiftSwifties
62%
My Little Pony (male)Bronies
58%
GleeGleeks
56%
Lady GagaLittle Monsters
55%
Hunger GamesTributes
48%
TwilightTwihards
46%
Sherlock HolmesSherlockians
32%
Percy JacksonDemigods
27%
Anthropomorphic AnimalsFurries
18%
PsychPsychos
12%
Hunger GamesMockingjays
10%
Avatar: The Last AirbenderAvatards
9%
FireflyBrowncoats
8%
PokemonPokemaniacs
4%
Lord of the RingsTolkienites
3%

Score Distribution

Percentile by Number Answered

Percent of People with Each Score

Your Score History

You have not taken this quiz since the last reset